=LDR 00000nam 2200000 4500 =001 INLIS000000000025891 =005 20130612124352 =008 ***********************************Ind** =035 ##$$0010-061300000025891 =041 ##$$a Ind =082 ##$$a 808 =090 ##$$a 808, Nad b =100 ##$$a Nadjib, Emaha Aenun =245 ##$$a Bola bola kultural, Emah Aenun Najib =260 ##$$a 1993 $b Yogyakarta =300 ##$$a 152 hlm, ilus, 21 cm =650 ##$$a Sastra Indonesia =850 ##$$a NBPNMAT =990 ##$$a 2090100918/BPAP-NTB/2015